|
|
|
|
| LEADER |
00000nam0a2200000 4500 |
| 001 |
309972 |
| 005 |
20231102002236.0 |
| 010 |
|
|
|a 9785373076425
|
| 035 |
|
|
|a (RuTPU)RU\TPU\book\335313
|
| 090 |
|
|
|a 309972
|
| 100 |
|
|
|a 20151119d2015 km y0rusy50 ca
|
| 101 |
0 |
|
|a rus
|
| 102 |
|
|
|a RU
|
| 105 |
|
|
|a a z 000zy
|
| 200 |
1 |
|
|a О русском воровстве и мздоимстве
|f В. Р. Мединский
|
| 210 |
|
|
|a Москва
|c ОЛМА Медиа Групп
|d 2015
|
| 215 |
|
|
|a 219 с.
|c ил.
|
| 225 |
1 |
|
|a Мифы о России
|
| 330 |
|
|
|a Что у нас самое главное в русской жизни? Что "во-руют-с". Все воруют-с. Везде воруют-с. Всё воруют-с. Нормальнейшее повседневное явление.Национальная русская черта с давних пор - даже не со времен Карамзина и его «Воруют-с...», а еще раньше, с эпохи кормлений - это всеобщее воровство и взяточничество. И любой всплеск криминала и коррупции -лишь продолжение нашей старинной национальной традиции.Вот с этим тезисом об извечном русском воровстве в этой книге мы и будем спорить. Автор будет доказывать, что если так отчасти и есть сейчас, это совсем не значит, что так было всегда и что по-другому быть не может.Читайте, думайте, спорьте!
|
| 606 |
1 |
|
|a Русские
|x (этнология)
|2 stltpush
|3 (RuTPU)RU\TPU\subj\68288
|9 83716
|
| 610 |
1 |
|
|a Россия
|
| 610 |
1 |
|
|a мифы
|
| 610 |
1 |
|
|a воровство
|
| 610 |
1 |
|
|a мздоимство
|
| 610 |
1 |
|
|a коррупция
|
| 610 |
1 |
|
|a купцы
|
| 610 |
1 |
|
|a воины
|
| 610 |
1 |
|
|a Древняя Русь
|
| 610 |
1 |
|
|a русская шляхта
|
| 610 |
1 |
|
|a Речь Посполитая
|
| 610 |
1 |
|
|a Российская империя
|
| 610 |
1 |
|
|a московские деловые люди
|
| 610 |
1 |
|
|a репутация
|
| 610 |
1 |
|
|a дворяне
|
| 610 |
1 |
|
|a разночинцы
|
| 610 |
1 |
|
|a русские революционеры
|
| 610 |
1 |
|
|a чиновники
|
| 610 |
1 |
|
|a предрассудки
|
| 610 |
1 |
|
|a стереотипы
|
| 686 |
|
|
|a Т52(2=411.2)
|v LBC/SL-A
|2 rubbk
|
| 700 |
|
1 |
|a Мединский
|b В. Р.
|g Владимир Ростиславович
|
| 801 |
|
1 |
|a RU
|b 63413507
|c 20151119
|
| 801 |
|
2 |
|a RU
|b 63413507
|c 20151130
|g RCR
|
| 942 |
|
|
|c BK
|